000 00772cam a22002653a 4500
001 8148
003 PGUSA
005 20140828083153.0
008 050501s2005||||xxu|||||s|||||000 | eng d
040 _aPGUSA
_beng
042 _adc
050 4 _aPQ
100 1 _aBaroja, Pío,
_d1872-1956
245 1 0 _aYouth and Egolatry
_h[electronic resource] /
_cPío Baroja
260 _bProject Gutenberg,
_c2005
506 _aPublic domain in the USA.
516 _aElectronic text
653 _aBaroja, Pío, 1872-1956
700 1 _aFassett, Jacob S.
_q(Jacob Sloat),
_d1889-
700 1 _aMencken, H. L.
_q(Henry Louis),
_d1880-1956
700 1 _aPhillips, Frances L.
830 0 _aProject Gutenberg
_v8148
856 4 0 _uhttp://www.gutenberg.org/ebooks/8148
942 _cEB
999 _c237448
_d237448